书目信息 |
| 题名: |
超声波检测
|
|
| 作者: | 李冰 著 | |
| 分册: | ||
| 出版信息: | 北京 北京工业大学出版社 2021.4 |
|
| 页数: | 283页 | |
| 开本: | 25cm | |
| 丛书名: | ||
| 单 册: | ||
| 中图分类: | TB553 | |
| 科图分类: | ||
| 主题词: | 超声检测 | |
| 电子资源: | ||
| ISBN: | 978-7-5639-7098-8 | |
| 000 | 00966nam0 2200229 45 | |
| 001 | 012001002329 | |
| 005 | 20140913170612.0 | |
| 010 | @a978-7-5639-7098-8@dCNY91.00 | |
| 100 | @a20200806d2019 em y0chiy50 ea | |
| 101 | 0 | @achi |
| 102 | @aCN@b110000 | |
| 105 | @aa z 000yy | |
| 106 | @ar | |
| 200 | 1 | @a超声波检测@Achao sheng bo jian ce@b专著@f李冰著 |
| 210 | @a北京@c北京工业大学出版社@d2021.4 | |
| 215 | @a283页@c图@d25cm | |
| 330 | @a本书共九章。第一章是概述性的绪论;第二章为超声波检测的物理基础;第三章研究的内容为超声波发射声场与规则反射体回波声压;第四章针对的内容为超声波检测设备与器材;第五章主要从超声波检测方法和通用检测技术方面着手;第六章主要从板材和管材超声波检测方面进行讨论;第七章主要针对锻件与铸件超声波检测进行分析与阐述;第八章为焊接接头超声波检测;第九章针对的内容为超声波检测工艺编制。 | |
| 606 | 0 | @a超声检测 |
| 690 | @aTB553@v5 | |
| 701 | 0 | @a李冰@Ali bing@4著 |
| 801 | 0 | @aCN@bBJSDL@c20211011 |
| 905 | @b1339308-11@dTB553@e611@f4 | |
| 超声波检测/李冰著.-北京:北京工业大学出版社,2021.4 |
| 283页:图;25cm |
| ISBN 978-7-5639-7098-8:CNY91.00 |
| 本书共九章。第一章是概述性的绪论;第二章为超声波检测的物理基础;第三章研究的内容为超声波发射声场与规则反射体回波声压;第四章针对的内容为超声波检测设备与器材;第五章主要从超声波检测方法和通用检测技术方面着手;第六章主要从板材和管材超声波检测方面进行讨论;第七章主要针对锻件与铸件超声波检测进行分析与阐述;第八章为焊接接头超声波检测;第九章针对的内容为超声波检测工艺编制。 |
| ● |
| 相关链接 |
|
|
|
|
正题名:超声波检测
索取号:TB553/611
 
预约/预借
| 序号 | 登录号 | 条形码 | 馆藏地/架位号 | 状态 | 备注 |
| 1 | 1339308 | 213393086 | 第二样本阅览室/ [索取号:TB553/611] | 在馆 | |
| 2 | 1339309 | 213393095 | 第三借阅区/ [索取号:TB553/611] | 在馆 | |
| 3 | 1339310 | 213393102 | 第三借阅区/ [索取号:TB553/611] | 在馆 | |
| 4 | 1339311 | 213393111 | 第三借阅区/ [索取号:TB553/611] | 在馆 |